Mineral and water resources of Nevada. (Record no. 30030)

MARC details
000 -LEADER
fixed length control field 01014cam a22002651 4500
001 - CONTROL NUMBER
control field gs 65000223
003 - CONTROL NUMBER IDENTIFIER
control field DLC
005 - DATE AND TIME OF LATEST TRANSACTION
control field 20260227111416.0
008 - FIXED-LENGTH DATA ELEMENTS--GENERAL INFORMATION
fixed length control field 761116s1964 nvuab b 000 0 eng c
010 ## - LIBRARY OF CONGRESS CONTROL NUMBER
LC control number gs 65000223
035 ## - SYSTEM CONTROL NUMBER
System control number (OCoLC)2559427
040 ## - CATALOGING SOURCE
Original cataloging agency U. S. Geol. Survey Libr.
Transcribing agency OAU
Modifying agency OCoLC
-- DLC
042 ## - AUTHENTICATION CODE
Authentication code premarc
050 00 - LIBRARY OF CONGRESS CALL NUMBER
Classification number TN24.N3
Item number U54 1964
110 2# - MAIN ENTRY--CORPORATE NAME
Corporate name or jurisdiction name as entry element Geological Survey (U.S.)
245 10 - TITLE STATEMENT
Title Mineral and water resources of Nevada.
260 ## - PUBLICATION, DISTRIBUTION, ETC.
Place of publication, distribution, etc. Reno,
Name of publisher, distributor, etc. Mackay School of Mines, University of Nevada,
Date of publication, distribution, etc. 1964.
300 ## - PHYSICAL DESCRIPTION
Extent xi, 314 p.
Other physical details illus., maps (1 fold.)
Dimensions 23 cm.
490 1# - SERIES STATEMENT
Series statement Nevada. Bureau of Mines. Bulletin 65
500 ## - GENERAL NOTE
General note Issued also as Senate Document no. 87, 88th Congress., 2d sess., under title: Mineral and water resources in Nevada; report in collaboration with Nevada Bureau of Mines.
504 ## - BIBLIOGRAPHY, ETC. NOTE
Bibliography, etc. note Includes bibliographies.
650 #0 - SUBJECT ADDED ENTRY--TOPICAL TERM
Topical term or geographic name entry element Mines and mineral resources
Geographic subdivision Nevada.
650 #0 - SUBJECT ADDED ENTRY--TOPICAL TERM
Topical term or geographic name entry element Water-supply
Geographic subdivision Nevada.
810 2# - SERIES ADDED ENTRY--CORPORATE NAME
Corporate name or jurisdiction name as entry element Nevada Bureau of Mines.
Title of a work Bulletin ;
Volume/sequential designation 65.

No items available.

Powered by Koha